Canada's Largest Rivers - Statistics

General Stats
  • This quiz has been taken 5 times
  • The average score is 18 of 47
Answer Stats
Answer % Correct
Columbia River (2,000 km)
100%
Saint Lawrence River (3,058 km)
100%
Mackenzie River (4,241 km)
80%
Ottawa River (1,271 km)
80%
Red River (890 km)
80%
Saskatchewan River (1,939 km)
80%
Yukon River (3,185 km)
80%
Churchill River (Atlantic) (856 km)
60%
Churchill River (Hudson Bay) (1,609 km)
60%
Fraser River (1,375 km)
60%
North Saskatchewan River (1,287 km)
60%
Peace River (1,923 km)
60%
South Saskatchewan River (1,392 km)
60%
Winnipeg River (813 km)
60%
Athabasca River (1,231 km)
40%
Milk River (1,005 km)
40%
Nelson River (2,575 km)
40%
Saint John River (673 km)
40%
Severn River (982 km)
40%
Albany River (982 km)
20%
Anderson River (692 km)
20%
Assiniboine River (1070 km)
20%
Attawapiskat River (748 km)
20%
Back River (974 km)
20%
Coppermine River (845 km)
20%
Dubawnt River (842 km)
20%
Eastmain River (756 km)
20%
English River (615 km)
20%
Great Whale River (724 km)
20%
Hay River (702 km)
20%
Horton River (618 km)
20%
Kazan River (732 km)
20%
Koksoak River (874 km)
20%
Kootenay River (780 km)
20%
La Grande River (893 km)
20%
Laird River (1,115 km)
20%
Nottaway River (776 km)
20%
Peel River (684 km)
20%
Pelly River (608 km)
20%
Pend d'Oreille River (703 km)
20%
Porcupine River (721 km)
20%
Red Deer River (724 km)
20%
Rupert River (763 km)
20%
Saguenay River (698 km)
20%
Slave River (2,338 km)
20%
Stewart River (644 km)
20%
Thelon River (904 km)
20%
No matching quizzes found
Score Distribution
Percent of People with Each Score
Percentile by Number Answered
Your Score History
You have not taken this quiz